000 01137cam a22002651 4500
001 hew60000110
003 DLC
005 20260227111510.0
008 740121s1960 xx 000 0 eng
010 _ahew60000110
035 _a(OCoLC)779605
040 _aDLC
_cOClU
_dOCoLC
_dDLC
042 _apremarc
050 0 0 _aL111
_b.A6 1960, no. 11
051 _aLB2822.5
_b.D4
082 _a372
100 1 _aDean, Stuart Ernest,
_d1912-
245 1 0 _aElementary school administration and organization;
_ba national survey of practices and policies.
260 _a[Washington]
_bU.S. Dept. of Health, Education, and Welfare, Office of Education
_c[1960]
300 _axv, 126p.
_billus.,map(on cover)
_c23cm.
490 0 _a[U.S. Office of Education] Bulletin
_v1960, no. 11
500 _a"OE-23006."
501 _aCopies 1 and 3 of L111.A6 with: Science and mathematics in public high schools, 1958 / United States, Office of Education. Washington : U. S. Dept of Health, Education, and Welfare, Office of Education, 1960. Bound together subsequent to publication.
_5DLC
650 0 _aSchool management and organization
_zUnited States
999 _c34266
_d34266